Các đặc tính của động cơ trong truyền động điện

Saved in:
Bibliographic Details
Main Author: Vesenevski, X N
Format: Book
Language:Undetermined
Published: Hà Nội KHKT 1979
Subjects:
Tags: Add Tag
No Tags, Be the first to tag this record!
Institutions: Trung tâm Học liệu Trường Đại học Cần Thơ
LEADER 00592nam a2200181Ia 4500
001 CTU_13824
008 210402s9999 xx 000 0 und d
082 |a 621.31042 
082 |b V576 
100 |a Vesenevski, X N 
245 0 |a Các đặc tính của động cơ trong truyền động điện 
245 0 |c X N Vesenevski, Bùi Đình Tiếu 
260 |a Hà Nội 
260 |b KHKT 
260 |c 1979 
650 |a electric engineering,electric machinery 
904 |i Nguyễn Quang Điền, 961212 
980 |a Trung tâm Học liệu Trường Đại học Cần Thơ